• AIU
  • Tony Wilmot Memorial Library
Normal view MARC view

Entry Corporate Name

Number of records used in: 3

001 - CONTROL NUMBER

  • control field: 26023

003 - CONTROL NUMBER IDENTIFIER

  • control field: OSt

005 - DATE AND TIME OF LATEST TRANSACTION

  • control field: 20140317150416.0

008 - FIXED-LENGTH DATA ELEMENTS

  • fixed length control field: 140317|| aca||aabn | a|a d

040 ## - CATALOGING SOURCE

  • Original cataloging agency: OSt
  • Transcribing agency: OSt

110 ## - HEADING--CORPORATE NAME

  • Corporate name or jurisdiction name as entry element: Microsoft Corporation.

670 ## - SOURCE DATA FOUND

  • Source citation: Work cat.: (OSt)0: Microsoft mastering. Web application development using Microsoft Visual InterDev 6.0., 1999.